Szczegóły MARC21

A brief outline of the history of English /

003 -Nazwa inst., której nr kontr. jest w polu 001 [,]
    • @
    • Nazwa instytucji, której n kontrolny jest w polu 001
    • NUKAT
005 -DATA I CZAS OSTATNIEJ MODYFIKACJI [,]
    • @
    • pole kontrolne
    • 20241231111129.0
020 -Międzynarod. znormalizowany nr książki - ISBN [ , ]
    • a
    • Numer ISBN
    • 8323098441 Find
040 -Instytucja sporządzająca opis [ , ]
    • a
    • Instytucja, która sporządziła opis (NP)
    • NUKAT
    • c
    • Instytucja, która sporządziła rekord (NP)
    • WA U/mg
942 -Rodzaj dokumentu [ , ]
    • c
    • Rodzaj dokumentu
    • Książka
100 -Hasło główne - nazwa osobowa [1, ]
    • a
    • Nazwa osobowa (NP)
    • Wełna, Jerzy.
    • 9
    • KHW
    • 8828
245 -Strefa tytułu i oznaczenia odpowiedzialności [1,2]
    • a
    • Tytuł
    • A brief outline of the history of English / Find
    • c
    • Pozostałe elementy strefy tytułu i oznaczenia odpowiedzialności (NP)
    • Jerzy Wełna.
250 -Strefa wydania [ , ]
    • a
    • Oznaczenie wydania (NP)
    • 2nd ed., rev. and enl.
260 -Strefa adresu wydawniczego [ , ]
    • a
    • Miejsce wydania (P)
    • Warszawa :
    • b
    • Nazwa wydawcy (P)
    • Wydaw. Uniwersytetu Warszawskiego,
    • c
    • Data wydania (P)
    • 1996.
300 -Strefa opisu fizycznego [ , ]
    • a
    • Określenie formy książki i/lub objętość (NP)
    • 69, [1] s. ;
    • c
    • Format (NP)
    • 24 cm.
336 -Typ zawartości [ , ]
    • a
    • Termin opisujący typ zawartości
    • Tekst
    • b
    • Kod określający zawartość
    • txt
    • 2
    • Źródło (terminu i kodu)
    • rdacontent
337 -Typ mediów [ , ]
    • a
    • Tryb odtwarzania
    • Bez urządzenia pośredniczącego
    • b
    • Kod typu mediów
    • n
    • 2
    • Źródło (terminu i kodu)
    • rdamedia
338 -Typ/rodzaj nośnika [ , ]
    • a
    • Hasło opisujące typ nośnika
    • Wolumin
    • b
    • Kod typu nośnika
    • nc
    • 2
    • Źródło (terminu i kodu)
    • rdacarrier
080 -Uniwersalna Klasyfikacja Dziesiętna [ , ]
    • a
    • Symbol klasyfikacji
    • 802.0(091)(075.8)=20
650 -Hasło przedmiotowe [ ,7]
    • a
    • Hasło przedmiotowe
    • Język angielski
    • x
    • Określnik rzeczowy
    • historia
    • v
    • Określnik formalny
    • podręczniki akademickie.
    • 2
    • Źródło terminu
    • kaba
    • 9
    • KHW
    • 541735
980 -Symbol UKD [ , ]
    • a
    • UKD
    • 802.0(091)(075.8)=20
710 -Hasło dodatkowe - nazwa ciała zbiorowego [2, ]
    • a
    • Nazwa ciała zbiorowego lub nazwa geograficzna jako pierwszy element (NP)
    • Wydawnictwa Uniwersytetu Warszawskiego.
    • 4
    • Kod relacji
    • pbl
    • 9
    • KHW
    • 50781
920 -ISBN [ , ]
    • a
    • ISBN
    • 83-230-9844-1 Find
Data inwentaryzacji Lokalizacja Status udost. Numer inwentarzowy Sygnatura
1999-08-27BM1A.5438ANG. Historia jęz. ang. 02